| 000 | 00370nam a2200157Ia 4500 | ||
|---|---|---|---|
| 008 | 221030s9999 xx 000 0 und d | ||
| 020 | _a8177584294 | ||
| 041 | _aEnglish | ||
| 082 | _a105.23 | ||
| 100 | _aM. M. Mano | ||
| 245 | 0 | _aComputer System Architecture | |
| 260 |
_bPearson Education _aNew Delhi _c2006 |
||
| 300 | _a543 | ||
| 650 | _aBB Computer | ||
| 942 | _cBK | ||
| 999 |
_c3976 _d3976 |
||